00715nam a2200241 a 4500001001300000003000900013005001700022008004100039020000900080082001600089100002000105245002900125260002800154300000800182500003500190505006500225650001600290700002000306902000800326942000700334952011500341999001700456nice12345678IN_TiNIC20260116013356.0050524s1968 dela grp 000 0 eng  ac1400a297.93bEFF aEffendi, Shoghi aAdvent of Divine Justice aDelhibBahri Pub.c1968 a90p aincludes index and biblioraphy2 aEnglish Rendering Muhammad Akbnar Muradpuri, Abul Aziz Kamal aBahai Faith1 aEffendi, Shoghi bSRS cBK 001040708StackRoom-aHMIbHMId2007-07-02g14.00l0o297.93 EFFp018524r2007-07-02v14.00w2005-05-24yBK c10755d10755